00241nam a2200097Ia 4500008004100000100002000041245003000061260003400091300001000125650000800135191201s2008 xx 000 0 und d aKHURANA, Aashok 0aStatistics for Management aN. DelhibS.Dinesh & Coc2008 aMise. aMBA